| 000 | 01235nam a22002657a 4500 | ||
|---|---|---|---|
| 005 | 20141204122657.0 | ||
| 010 | _aENG-111141 | ||
| 020 |
_c950.00 _a9789382420385 |
||
| 035 | _aEN-94673 | ||
| 037 | _bDBAD/PUB | ||
| 082 | _a304.20954 | ||
| 245 |
_aHistory and beyond : _cedited by Jenia Mukherjee [and] Chittabrata Palit _btrends and trajectories / |
||
| 260 |
_aNew Delhi _bKunal Books _c2014 |
||
| 270 |
_bNew Delhi _e110002 _a4648/21, First Floor, Ansari Road, Daryaganj |
||
| 300 |
_axii, 299p. : _c23cm(Hb) _bill.,maps |
||
| 500 | _a Includes bibliographical references and index. | ||
| 505 | _asection 1. Gender and cultural studies -- section 2. Environmental history and literature -- section 3. Military and radical history -- section 4. Tribal history and labour studies -- section 5. Various aspects of contemporary history. | ||
| 520 | _aPapers presented at a seminar held at Jadavpur University in July 2012. | ||
| 650 |
_aHuman ecology _zIndia _xHistory _v Congresses. |
||
| 650 |
_aHuman ecology _z India _zWest Bengal . _xHistory _v Congresses |
||
| 650 |
_aWomen _zIndia _xSocial conditions |
||
| 700 | _aMukherjee, Jenia | ||
| 700 | _aPalit, Chittabrata | ||
| 942 |
_2ddc _cEN _mHIS _h304.20954 |
||
| 999 |
_c89843 _d89843 |
||